000 01136nam a2200325 a 4500
001 BRL_35
005 20190320210548.0
008 860210s1985 mx-a#####b---f000-0#spa-#
020 _a9682900476
040 _aDLC
_cDLC
_dDLC
041 _aspa
044 _amx
050 4 _aJV7412
_b.A38 1985
100 1 _aAguayo, Sergio
_922708
245 1 0 _aEl éxodo centroamericano
_bconsecuencias de un conflicto
_cSergio Aguayo ; colaboradores, Agustín Aguilar Irigoyen y Miguel Ángel Velázquez.
260 _aMéxico
_bSEP
_c1985
300 _a173 p.
_bil., 1 mapa
_c21 cm.
500 _aIncluye apéndice estadístico
500 _aAu47
650 1 4 _aRefugiados
_zCentroamérica
_922709
650 1 4 _aPersecución política
_zCentroamérica
_922710
651 4 _aCentroamérica
_xEmigración e inmigración
_922711
651 4 _aEstados Unidos
_xEmigración e inmigración
_922712
651 4 _aMéxico
_xEmigración e inmigración
_922713
651 4 _aCentroamérica
_xCondiciones económicas
_922714
700 1 _aAguilar Irigoyen, Agustín
_922715
700 1 _aVelázquez, Miguel Ángel
_922716
902 _aGRL
942 _2lcc
_cB
999 _c8848
_d8848